ARRUPE JESUIT UNIVERSITY

CORONAVIRUS -STOP THE SPREAD - CLEAN,DISINFECT,COVER

Religion and faction in Hume's moral philosophy / (Record no. 120113)

MARC details
000 -LEADER
fixed length control field 01315cam a2200325 a 4500
001 - CONTROL NUMBER
control field 4473398
003 - CONTROL NUMBER IDENTIFIER
control field ARRUPE
005 - DATE AND TIME OF LATEST TRANSACTION
control field 20140219172023.0
008 - FIXED-LENGTH DATA ELEMENTS--GENERAL INFORMATION
fixed length control field 961101s1997 enk b 001 0 eng
010 ## - LIBRARY OF CONGRESS CONTROL NUMBER
LC control number 96048933
020 ## - INTERNATIONAL STANDARD BOOK NUMBER
International Standard Book Number 052155442X
040 ## - CATALOGING SOURCE
Original cataloging agency DLC
Transcribing agency DLC
Modifying agency DLC
050 00 - LIBRARY OF CONGRESS CALL NUMBER
Classification number B1499
Item number .H47 1997
082 00 - DEWEY DECIMAL CLASSIFICATION NUMBER
Classification number 192
Edition number 21
300 ## - PHYSICAL DESCRIPTION
Dimensions 23 cm.
100 1# - MAIN ENTRY--PERSONAL NAME
Personal name Herdt, Jennifer A.,
Dates associated with a name 1967-
9 (RLIN) 8803
245 10 - TITLE STATEMENT
Title Religion and faction in Hume's moral philosophy /
Statement of responsibility, etc Jennifer A. Herdt.
260 ## - PUBLICATION, DISTRIBUTION, ETC. (IMPRINT)
Place of publication, distribution, etc Cambridge, U.K. ;
-- New York, NY, USA :
Name of publisher, distributor, etc Cambridge University Press,
Date of publication, distribution, etc 1997.
300 ## - PHYSICAL DESCRIPTION
Extent xv, 300 p. ;
440 #0 - SERIES STATEMENT/ADDED ENTRY--TITLE
Title Cambridge studies in religion and critical thought ;
Volume number/sequential designation 3
9 (RLIN) 8804
504 ## - BIBLIOGRAPHY, ETC. NOTE
Bibliography, etc Includes bibliographical references (p. 283-292) and index.
600 10 - SUBJECT ADDED ENTRY--PERSONAL NAME
Personal name Hume, David,
Dates associated with a name 1711-1776.
9 (RLIN) 8805
600 10 - SUBJECT ADDED ENTRY--PERSONAL NAME
Personal name Hume, David,
Dates associated with a name 1711-1776
General subdivision Ethics.
9 (RLIN) 8806
600 10 - SUBJECT ADDED ENTRY--PERSONAL NAME
Personal name Hume, David,
Dates associated with a name 1711-1776
General subdivision Religion.
9 (RLIN) 8807
650 #0 - SUBJECT ADDED ENTRY--TOPICAL TERM
Topical term or geographic name as entry element Sympathy.
9 (RLIN) 8808
856 42 - ELECTRONIC LOCATION AND ACCESS
Materials specified Publisher description
Uniform Resource Identifier <a href="http://www.loc.gov/catdir/description/cam028/96048933.html">http://www.loc.gov/catdir/description/cam028/96048933.html</a>
856 41 - ELECTRONIC LOCATION AND ACCESS
Materials specified Table of contents
Uniform Resource Identifier <a href="http://www.loc.gov/catdir/toc/cam024/96048933.html">http://www.loc.gov/catdir/toc/cam024/96048933.html</a>
906 ## - LOCAL DATA ELEMENT F, LDF (RLIN)
a 7
b cbc
c orignew
d 1
e ocip
f 19
g y-gencatlg
942 ## - ADDED ENTRY ELEMENTS (KOHA)
Source of classification or shelving scheme Library of Congress Classification
Koha item type Monograph ( Printed materials)
Holdings
Withdrawn status Lost status Source of classification or shelving scheme Damaged status Not for loan Collection code Home library Current library Shelving location Date acquired Total Checkouts Full call number Barcode Date last seen Date checked out Price effective from Koha item type
    Library of Congress Classification     Main Collection ARRUPE LIBRARY ARRUPE LIBRARY Main Collection 19/02/2014 1 B1499 .H47 1997 46500002191 17/03/2020 20/02/2020 19/02/2014 Monograph ( Printed materials)

 

Arrupe Library. PO Box MP320 Mt Pleasant, Harare, Zimbabwe
263 242 745411|librarian@aju.ac.zw